University Home | Library Home | Institutional Repository

External Trade and Income distribution. (Record no. 24396)

MARC details
000 -LEADER
fixed length control field 00732cam1a220018100 4500
001 - CONTROL NUMBER
control field zam00006067
008 - FIXED-LENGTH DATA ELEMENTS--GENERAL INFORMATION
fixed length control field 970717n xx eng u
035 ## - SYSTEM CONTROL NUMBER
System control number (Sirsi) r136067
040 ## - CATALOGING SOURCE
Modifying agency UPRA
100 ## - MAIN ENTRY--PERSONAL NAME
Personal name Bourguignon, Francis; Morrison, Christian.
Linkage A108644.1
245 10 - TITLE STATEMENT
Title External Trade and Income distribution.
260 ## - PUBLICATION, DISTRIBUTION, ETC.
Place of publication, distribution, etc. Paris :
Name of publisher, distributor, etc. OECD,
Date of publication, distribution, etc. 1989.
520 ## - SUMMARY, ETC.
Summary, etc. Based on six case studies, the book suggests that exports can help to even out inequalities and relieve poverty.
650 #4 - SUBJECT ADDED ENTRY--TOPICAL TERM
Topical term or geographic name entry element Trade.
Linkage S75432.1
650 #4 - SUBJECT ADDED ENTRY--TOPICAL TERM
Topical term or geographic name entry element International Trade -- Income Distribution//structural adjustment/.
General subdivision International Trade -- Income Distribution//structural adjustment/.
Linkage S81781.1
949 10 - LOCAL PROCESSING INFORMATION (OCLC)
m INESOR
t BOOK
l ON-SHELF

No items available.

© 2026 - The University of Zambia Library - Koha v25.11